<?xml version="1.0" encoding="UTF-8"?>
<record
    xmlns:xsi="http://www.w3.org/2001/XMLSchema-instance"
    xsi:schemaLocation="http://www.loc.gov/MARC21/slim http://www.loc.gov/standards/marcxml/schema/MARC21slim.xsd"
    xmlns="http://www.loc.gov/MARC21/slim">

  <leader>02162nam a22003257a 4500</leader>
  <datafield tag="999" ind1=" " ind2=" ">
    <subfield code="c">21824</subfield>
    <subfield code="d">21824</subfield>
  </datafield>
  <controlfield tag="003">AR-CdUCM</controlfield>
  <controlfield tag="008">190425b           ||||| |||| 00| 0 spa d</controlfield>
  <datafield tag="040" ind1=" " ind2=" ">
    <subfield code="a">MUNICIPALIDAD PROVINCIAL DEL CUSCO</subfield>
    <subfield code="c">BIBLIOTECA MUNICIPAL DEL CUSCO</subfield>
  </datafield>
  <datafield tag="082" ind1=" " ind2=" ">
    <subfield code="a">Rev.Allp/N&#xB0;45/1995</subfield>
  </datafield>
  <datafield tag="110" ind1=" " ind2=" ">
    <subfield code="a">Instituto de Pastoral Andina</subfield>
    <subfield code="9">12766</subfield>
  </datafield>
  <datafield tag="245" ind1=" " ind2=" ">
    <subfield code="a">Allpanchis Phuturinqa :</subfield>
    <subfield code="b">Revista Anual /</subfield>
  </datafield>
  <datafield tag="260" ind1=" " ind2=" ">
    <subfield code="a">Lima :</subfield>
    <subfield code="b">Tarea Asociaci&#xF3;n Gr&#xE1;fica Educativa,</subfield>
    <subfield code="c">1995.</subfield>
  </datafield>
  <datafield tag="300" ind1=" " ind2=" ">
    <subfield code="a">260 p&#xE1;ginas. :</subfield>
    <subfield code="b">mapas ;</subfield>
    <subfield code="c">20 cm.</subfield>
  </datafield>
  <datafield tag="440" ind1=" " ind2=" ">
    <subfield code="a">Revista del Instituto de Pastoral Andina Cusco</subfield>
    <subfield code="n">A&#xF1;o XXVII, 1995,N&#xB0;45.Vol.[XLI]</subfield>
    <subfield code="9">46268</subfield>
  </datafield>
  <datafield tag="505" ind1=" " ind2=" ">
    <subfield code="a">Contenido: Los andes entre el  Pacifico y el Atl&#xE1;ntico interconexi&#xF3;n vial e integraci&#xF3;n bioce&#xE1;nica. -- Transoce&#xE1;nica y agenda regional. Javier Igui&#xF1;iz Echeverria. -- Espacio amaz&#xF3;nico e integraci&#xF3;n sudamericana. Roberto Chiarella. -- La transoce&#xE1;nica Per&#xFA; Brasil los contradictorios intereses de Estados Unidos y Jap&#xF3;n. Enrique Amayo Zevallos. -- Per&#xFA; y Brasil entre el Pacifico y el Atl&#xE1;ntico espacio sur andino e integraci&#xF3;n sudamericana. Luis Chuquihuara Chil. -- Integraci&#xF3;n fronteriza peruana brasile&#xF1;a situaci&#xF3;n y perspectivas. Gustavo Lembcke Hoyle. -- Integraci&#xF3;n para el desarrollo complementaci&#xF3;n econ&#xF3;mica y cooperaci&#xF3;n fronteriza peruano brasile&#xF1;a. Julio Diaz Palacios. -- La integraci&#xF3;n f&#xED;sica interconexi&#xF3;n vial transoce&#xE1;nica Santos Ilo. Jaime Llosa Larrabure. -- De las comunidades fronterizas a la cuenca del Pacifico a prop&#xF3;sito de las relaciones entre el sur peruano y Acre Rondonia. Oscar Paredes Pando. -- Amazonia las lecciones del caos. Aziz Ab&#xB4;Saber.</subfield>
  </datafield>
  <datafield tag="650" ind1=" " ind2=" ">
    <subfield code="a">Interconexi&#xF3;n vial</subfield>
    <subfield code="9">46269</subfield>
  </datafield>
  <datafield tag="650" ind1=" " ind2=" ">
    <subfield code="a">Amazon&#xED;a</subfield>
    <subfield code="9">3433</subfield>
  </datafield>
  <datafield tag="650" ind1=" " ind2=" ">
    <subfield code="a">Integraci&#xF3;n sudamericana</subfield>
    <subfield code="9">46270</subfield>
  </datafield>
  <datafield tag="650" ind1=" " ind2=" ">
    <subfield code="a">Oc&#xE9;ano Pac&#xED;fico</subfield>
    <subfield code="9">21702</subfield>
  </datafield>
  <datafield tag="650" ind1=" " ind2=" ">
    <subfield code="a">Oc&#xE9;ano Atl&#xE1;ntico</subfield>
    <subfield code="9">46271</subfield>
  </datafield>
  <datafield tag="650" ind1=" " ind2=" ">
    <subfield code="a">Frontera Per&#xFA; Brasil</subfield>
    <subfield code="9">46272</subfield>
  </datafield>
  <datafield tag="700" ind1=" " ind2=" ">
    <subfield code="a">Igu&#xED;&#xF1;iz Echeverr&#xED;a, Javier</subfield>
    <subfield code="9">46273</subfield>
  </datafield>
  <datafield tag="700" ind1=" " ind2=" ">
    <subfield code="a">Chiarella, Roberto</subfield>
    <subfield code="9">46274</subfield>
  </datafield>
  <datafield tag="700" ind1=" " ind2=" ">
    <subfield code="a">Amayo Zevallos, Enrique</subfield>
    <subfield code="9">46275</subfield>
  </datafield>
  <datafield tag="700" ind1=" " ind2=" ">
    <subfield code="a">Chuquihuara Chil, Luis</subfield>
    <subfield code="9">46276</subfield>
  </datafield>
  <datafield tag="700" ind1=" " ind2=" ">
    <subfield code="a">Lembcke Hoyle, Gustavo</subfield>
    <subfield code="9">46277</subfield>
  </datafield>
  <datafield tag="942" ind1=" " ind2=" ">
    <subfield code="2">ddc</subfield>
    <subfield code="c">PP</subfield>
  </datafield>
  <datafield tag="945" ind1=" " ind2=" ">
    <subfield code="a">rac</subfield>
  </datafield>
  <datafield tag="952" ind1=" " ind2=" ">
    <subfield code="0">0</subfield>
    <subfield code="2">ddc</subfield>
    <subfield code="4">0</subfield>
    <subfield code="7">0</subfield>
    <subfield code="a">HEM</subfield>
    <subfield code="b">HEM</subfield>
    <subfield code="c">CART</subfield>
    <subfield code="d">2021-08-18</subfield>
    <subfield code="g">10.00</subfield>
    <subfield code="o">Rev.Allp/N&#xB0;45/1995</subfield>
    <subfield code="p">REVC000296</subfield>
    <subfield code="r">2021-08-18</subfield>
    <subfield code="y">PP</subfield>
  </datafield>
</record>
